书目信息 |
| 题名: |
基于Lab Windows /CVI虚拟仪器设计
|
|
| 作者: | 刘君华 主编 | |
| 分册: | ||
| 出版信息: | 北京 电子工业出版社 2003.01 |
|
| 页数: | 497页 | |
| 开本: | 24cm | |
| 丛书名: | 虚拟仪器设计丛书 | |
| 单 册: | ||
| 中图分类: | TH702 | |
| 科图分类: | ||
| 主题词: | 仪器 , 仪表 , 仪表装置 | |
| 电子资源: | ||
| ISBN: | 7-5053-8364-7 | |
| 000 | 00696nam0 2200241 45 | |
| 001 | 0454729749 | |
| 005 | 2004091515120974 | |
| 010 | @a7-5053-8364-7@d49.00CNY | |
| 100 | @a20040915d2003 km y0chiy0120 ea | |
| 101 | 0 | @achi |
| 102 | @aCN@b110000 | |
| 200 | 1 | @a基于Lab Windows /CVI虚拟仪器设计@AJi Yu Lab Windows/CVI Xu Ni Yi Qi She Ji@f刘君华主编@FLiu Jun Hua Zhu Bian |
| 210 | @a北京@c电子工业出版社@d2003.01 | |
| 215 | @a497页@d24cm | |
| 225 | 2 | @a虚拟仪器设计丛书 |
| 410 | 0 | @12001 @a虚拟仪器设计丛书 |
| 606 | 0 | @a仪器 |
| 606 | 0 | @a仪表 |
| 606 | 0 | @a仪表装置 |
| 690 | @aTH702@v3 | |
| 701 | 0 | @a刘君华@ALiu Jun Hua@4主编 |
| 801 | 0 | @aCN@bPFT@c20040915 |
| 905 | @a安徽大学@dTH702@eL632 | |
| 基于Lab Windows /CVI虚拟仪器设计/刘君华主编.-北京:电子工业出版社,2003.01 |
| 497页;24cm.-(虚拟仪器设计丛书) |
| ISBN 7-5053-8364-7:49.00CNY |
| ● |
| 相关链接 |
|
|
|
正题名:基于Lab Windows /CVI虚拟仪器设计
索取号:TH702/L632
 
预约/预借
| 序号 | 登录号 | 条形码 | 馆藏地/架位号 | 状态 | 备注 |
| 1 | 393485 | 203934859 | 自科库501/501自科库 135排3列5层/ [索取号:TH702/L632] | 在馆 | |
| 2 | 393486 | 203934868 | 自科库501/501自科库 135排3列5层/ [索取号:TH702/L632] | 在馆 |